000 00385nam a2200157Ia 4500
003 0STCL
008 150530s9999 xx 000 0 und d
040 _aSTCL
_cSTCL
100 _aRonald Paulson; Thomas Lockwood; Ed
245 _aHenry Fielding the critical heritage
260 _bVikas
_c1969
546 _aEnglish
942 _2ddc
_cBK
999 _c52219
_d52219
005 20220125170855.0